KOHA-Header-6

Planning For Economic Development (Record no. 6761)

000 -LEADER
fixed length control field 00264nam a2200109Ia 4500
100 ## - MAIN ENTRY--AUTHOR NAME
Personal name Laxmi Devi
245 #0 - TITLE STATEMENT
Title Planning For Economic Development
260 ## - PUBLICATION, DISTRIBUTION, ETC. (IMPRINT)
Place of publication New Delhi
Name of publisher Pearson
Year of publication 1997
300 ## - PHYSICAL DESCRIPTION
Number of Pages 538
942 ## - ADDED ENTRY ELEMENTS (KOHA)
Koha item type Books
Holdings
Withdrawn status Lost status Collection code Permanent Location Current Location Shelving location Date acquired Full call number Accession Number Koha item type
    Economics MAJU MAJU Shelf No.A48 2019-09-11 332.095491 192 Economics

Powered by Koha